00369nam a22001097a 4500008004100000020001800041082001100059100002100070245010700091260005200198300000900250260530b |||||||| |||| 00| 0 eng d a9789381275184 a001911 aNagasampige, A V aTarka Sangrah of Annambhatta (With Nyayabodhini of Govardhana and Nyayabodhini Visayamala of Kamaksi)  aBangalorebPoorna Prajna Samshodhan Trustc2012 a122p